[Event "RUS-chT 07th"]
[Site "Smolensk"]
[Date "2000.04.18"]
[Round "4"]
[White "Saulin, Dmitri"]
[Black "Kalashnikov, Konstantin"]
[Result "1/2-1/2"]
[WhiteElo "2438"]
[BlackElo "2403"]
[PlyCount "108"]
[EventDate "2000.04.15"]
[EventType "team-tourn"]
[EventRounds "11"]
[EventCountry "RUS"]
[SourceTitle "EXT 2020"]
[Source "ChessBase"]
[SourceDate "2019.10.17"]
[SourceVersion "1"]
[SourceVersionDate "2019.10.17"]
[SourceQuality "1"]
[WhiteTeam "Moscow Phoenix"]
[BlackTeam "Tomsk Politekhnik Yantar"]
[WhiteTeamCountry "RUS"]
[BlackTeamCountry "RUS"]

1. e4 c5 2. Nf3 Nc6 3. d4 cxd4 4. Nxd4 g6 5. c4 Bg7 6. Be3 Nf6 7. Nc3 0-0 8. Be2 b6 9. 0-0 Bb7 10. Nc2 Rc8 11. b3 e6 12. Qd2 d5 13. cxd5 exd5 14. exd5 Ne7 15. d6 Ned5 16. Nxd5 Nxd5 17. Rad1 Qxd6 18. Bf3 Rcd8 19. Bg5 f6 20. Bf4 Qe7 21. Rfe1 Qf7 22. Nb4 Nxf4 23. Qxf4 Bxf3 24. Qxf3 Rfe8 25. g3 Bf8 26. Nc6 Rxe1+ 27. Rxe1 Rd2 28. Re2 Rd6 29. b4 a6 30. Rc2 Qd7 31. Kg2 Qf7 32. Nb8 b5 33. Rc6 Rxc6 34. Qxc6 Bxb4 35. Nxa6 Bf8 36. Nc7 b4 37. Nd5 Kg7 38. h4 h5 39. Kf3 Kh6 40. Ke2 Kg7 41. Kf1 f5 42. Nf4 Kh6 43. Ne6 Be7 44. Qd7 Qf6 45. Nf4 Bc5 46. Ne6 Be7 47. Kg2 Kh7 48. Nf4 Kh6 49. Qe8 Bd6 50. Nd5 Qd4 51. Qg8 Bc5 52. Ne3 Qe4+ 53. Kh2 Qe5 54. Kh3 Bxe3 1/2-1/2

[Event "Petrov Memorial op"]
[Site "St Petersburg"]
[Date "2000.02.14"]
[Round "7"]
[White "Yemelin, Vasily"]
[Black "Kalashnikov, Konstantin"]
[Result "1-0"]
[WhiteElo "2540"]
[BlackElo "2403"]
[PlyCount "81"]
[EventDate "2000.02.05"]
[EventType "swiss"]
[EventRounds "9"]
[EventCountry "RUS"]
[SourceTitle "CBM 076"]
[Source "ChessBase"]
[SourceDate "2000.05.31"]
[SourceVersion "1"]
[SourceVersionDate "2000.05.31"]
[SourceQuality "1"]

1. e4 c5 2. Nf3 d6 3. d4 cxd4 4. Nxd4 Nf6 5. Nc3 g6 6. Be3 Bg7 7. f3 Nc6 8. Qd2 0-0 9. 0-0-0 Nxd4 10. Bxd4 Qa5 11. h4 Be6 12. Qg5 Qc7 13. h5 Rfc8 14. hxg6 hxg6 15. Bd3 b5 16. Nd5 Bxd5 17. exd5 b4 18. Rh6 Rab8 19. Rdh1 b3 20. Qh4 Nh5 21. Rxh5 gxh5 22. Bh7+ Kf8 23. Bxg7+ Ke8 24. axb3 Qa5 25. Qa4+ Qxa4 26. bxa4 Rb4 27. Rxh5 Rc5 28. Bf5 e6 29. dxe6 Rxa4 30. exf7+ Kxf7 31. Bc3 d5 32. Rh7+ Kg8 33. Rh8+ Kf7 34. Rh7+ Kf8 35. Be5 Ra6 36. Rh8+ Kf7 37. Rh7+ Kf8 38. f4 Rcc6 39. Rh8+ Kf7 40. Rh7+ Kf8 41. Rd7 1-0